Bài tập vật lí 11 Sách giáo khoa thí điểm : Ban khoa học tự nhiên

保存先:
書誌詳細
その他の著者: Lương Duyên Bình (ch.b), Vũ Quang (ch.b)
フォーマット: 図書
言語:Vietnamese
出版事項: H. Giáo dục 2004
シリーズ:Bộ 2
主題:
タグ: タグ追加
タグなし, このレコードへの初めてのタグを付けませんか!
Thư viện lưu trữ: Trung tâm Học liệu Lê Vũ Hùng, Trường Đại học Đồng Tháp
LEADER 00953pam a22002898a 4500
001 00026370
005 20171026081023.0
008 110815s2004 ||||||viesd
041 0 # |a vie 
082 1 4 |a 530.076  |b B103T 
245 0 0 |a Bài tập vật lí 11  |c Lương Duyên Bình (ch.b)...[và nh. ng. khác]  |b Sách giáo khoa thí điểm : Ban khoa học tự nhiên 
260 # # |a H.  |b Giáo dục  |c 2004 
300 # # |a 300 tr.  |b hình vẽ  |c 24 cm. 
490 # # |a Bộ 2 
500 # # |a ĐTTS ghi: Bộ Giáo dục và Đào tạo 
650 # 4 |a Bài tập 
650 # 4 |a Vật lí 
650 # 4 |a Sách giáo khoa 
650 # 4 |a Lớp 11 
700 1 # |a Lương Duyên Bình  |e ch.b 
700 1 # |a Vũ Quang  |e ch.b 
852 # # |j KD.0011105 
852 # # |b Kho đọc  |j KD.0011105 
910 |d 15/08/2011 
980 # # |a Trung tâm Học liệu Lê Vũ Hùng, Trường Đại học Đồng Tháp